Titres de Clara Luciani - Statistiques

Statistiques générales
  • Ce quiz a été pris 71 fois
  • Le résultat moyen est 20 sur 37
Statistiques - réponses
Réponses % Correct
La grenade
100%
Le reste
83%
Ma soeur
77%
Coeur
75%
Respire encore
75%
Amour toujours
72%
Nue
70%
Sad and Slow
64%
La baie
62%
Les fleurs
60%
Monstre d'amour
58%
Au revoir
57%
Bravo tu as gagné
57%
Drôle d'époque
57%
Sainte-Victoire
57%
Le chanteur
55%
Comme toi
53%
J'sais pas plaire
53%
Mes amis et moi
53%
Eddy
51%
Pleure Clara, pleure
51%
Tout le monde (sauf toi)
51%
Bandit
49%
Dors
49%
La place
49%
Mon ombre
49%
On ne meurt pas d'amour
49%
La chanson de Delphine
47%
C'est l'amour
45%
Dansons tant qu'on est vivant
45%
Bovary
42%
Qu'est-ce que t'es beau
42%
Allô
40%
Cette chanson
38%
Emmanuelle
38%
A crever
34%
La dernière fois
34%
Aucun quiz correspondant
Distribution des résultats
% des personnes avec chaque résultat
Percentile par nombre de réponses
Votre historique - résultats
Vous n’avez pas pris ce quiz